000 00341cam a2200145ua 4500
041 _aeng
_h
082 _a823.308
_bLAW/SO
100 _aLawrence, D H .
245 _aSons and lovers /
_cD H Lawrence.
_hTextual Documents
260 _aLondon :
_bCollins ,
_c1963.
300 _a416 ; .
504 _a
942 _cBK
999 _c5128
_d5128